Vainqueurs de la Premier League - Statistiques

Statistiques générales
  • Ce quiz a été pris 1 499 fois
    544 depuis la dernière actualisation
  • Le résultat moyen est 95 sur 126
Statistiques - réponses
Saison Vainqueur % Correct
1900-1901 | 1905-1906 | 1921-1922 | +17 others Liverpool
100%
1954-1955 | 2004-2005 | 2005-2006 | +3 others Chelsea
99%
1936-1937 | 1967-1968 | 2011-2012 | +6 others Manchester City
99%
2018-2019 Manchester CIty
99%
1907-1908 | 1910-1911 | 1951-1952 | +17 others Manchester United
99%
1930-1931 | 1932-1933 | 1933-1934 | +10 others Arsenal
94%
2015-2016 Leicester City
90%
1893-1894 | 1895-1896 | 1896-1897 | +4 others Aston Villa
81%
1977-1978 Nottingham Forest
75%
1950-1951 | 1960-1961 Tottenham Hotspur
75%
1890-1891 | 1914-1915 | 1927-1928 | +6 others Everton
64%
1904-1905 | 1906-1907 | 1908-1909 | 1926-1927 Newcastle United
63%
1968-1969 | 1973-1974 | 1991-1992 Leeds United
56%
1891-1892 | 1892-1893 | 1894-1895 | +3 others Sunderland
46%
1911-1912 | 1913-1914 | 1994-1995 Blackburn Rovers
40%
1920-1921 | 1959-1960 Burnley
34%
1953-1954 | 1957-1958 | 1958-1959 Wolverhampton Wanderers
33%
1897-1898 Sheffield United
28%
1961-1962 Ipswich Town
25%
1902-1903 | 1903-1904 | 1928-1929 | 1929-1930 Sheffield Wednesday
22%
1971-1972 | 1974-1975 Derby County
18%
1948-1949 | 1949-1950 Portsmouth
16%
1919-1920 West Bromwich Albion
13%
1888-1889 | 1889-1890 Preston North End
10%
1923-1924 | 1924-1925 | 1925-1926 Huddersfield Town
9%
Aucun quiz correspondant
Distribution des résultats
% des personnes avec chaque résultat
Percentile par nombre de réponses
Votre historique - résultats
Vous n’avez pas pris ce quiz depuis la dernière actualisation